000 00289nam a2200109Ia 4500
005 20251222120157.0
008 251222s1900||||xx |||||||||||||| ||spa||
082 _aDVD0040/Z64/2007
245 0 _aBeowulf la leyenda
264 _bStarkey, Steve. Zemeckis, Roberts. Rapke, Jack.
942 _cDVD
999 _c2279
_d2279